[Event "Geneve Bois Gentil op"]
[Site "Geneve"]
[Date "2022.02.04"]
[Round "3"]
[White "Mullhaupt, Philippe"]
[Black "Shahmammadli, Safkhan"]
[Result "0-1"]
[WhiteElo "1972"]
[BlackElo "2032"]
[PlyCount "72"]
[EventDate "2022.01.14"]
[EventType "swiss"]
[EventRounds "7"]
[EventCountry "SUI"]
[SourceTitle "EXT 2023"]
[Source "ChessBase"]
[SourceDate "2022.10.05"]
[SourceVersion "1"]
[SourceVersionDate "2022.10.05"]
[SourceQuality "1"]

1. d4 Nf6 2. c4 g6 3. Nc3 Bg7 4. e4 d6 5. f4 0-0 6. Nf3 Na6 7. Bd3 e5 8. fxe5 dxe5 9. d5 Nc5 10. Bc2 a5 11. b3 Qe7 12. Rb1 Ne8 13. Bg5 f6 14. Bh4 Na6 15. 0-0 Bh6 16. Qe2 Bg4 17. h3 Bd7 18. d6 Nxd6 19. Nd5 Qg7 20. Rbd1 Be6 21. Bg3 Rad8 22. Rf2 c6 23. Nxf6+ Qxf6 24. Nxe5 Qg5 25. Rxf8+ Rxf8 26. Ng4 Bxg4 27. Qxg4 Qxg4 28. hxg4 Ne8 29. Rd7 Nc5 30. Rd1 Bf4 31. Bf2 Bh2+ 32. Kf1 Bg3 33. Rd2 Nd6 34. Kg1 Ndxe4 35. Bxc5 Nxd2 36. Bxf8 Kxf8 0-1

[Event "Geneve Bois Gentil op"]
[Site "Geneve"]
[Date "2020.01.10"]
[Round "1"]
[White "Aouissi, Mohamed1"]
[Black "Mullhaupt, Philippe"]
[Result "0-1"]
[WhiteElo "1629"]
[BlackElo "2004"]
[PlyCount "68"]
[EventDate "2020.01.10"]
[EventType "swiss"]
[EventRounds "7"]
[EventCountry "SUI"]
[SourceTitle "CBM 195 Extra"]
[Source "ChessBase"]
[SourceDate "2020.05.31"]
[SourceVersion "1"]
[SourceVersionDate "2020.05.31"]
[SourceQuality "1"]

1. c4 e5 2. Nc3 Bb4 3. g3 Nf6 4. Bg2 Nc6 5. Nf3 0-0 6. 0-0 d6 7. Nd5 Nxd5 8. cxd5 Ne7 9. a3 Bc5 10. b4 Bb6 11. Ne1 Bd4 12. Rb1 f5 13. Nc2 Bb6 14. d4 Ng6 15. e3 e4 16. a4 a5 17. Na3 axb4 18. Rxb4 Ne7 19. Qb3 Kh8 20. Bb2 Qe8 21. Rc1 Qf7 22. Bf1 Nxd5 23. Bc4 Be6 24. Rb5 Ra5 25. Rxa5 Bxa5 26. Qxb7 f4 27. exf4 e3 28. fxe3 Bd2 29. e4 Nxf4 30. Rf1 Nh3+ 31. Kg2 Nf2 32. e5 d5 33. Qb3 dxc4 34. Qd1 Bd5+ 0-1

[Event "Geneve Bois Gentil op"]
[Site "Geneve"]
[Date "2019.02.15"]
[Round "6"]
[White "Mullhaupt, Philippe"]
[Black "Guex, Pascal"]
[Result "1/2-1/2"]
[WhiteElo "2013"]
[BlackElo "2129"]
[PlyCount "35"]
[EventDate "2019.01.11"]
[EventType "swiss"]
[EventRounds "7"]
[EventCountry "SUI"]
[SourceTitle "CBM 189 Extra"]
[Source "ChessBase"]
[SourceDate "2019.05.31"]
[SourceVersion "1"]
[SourceVersionDate "2019.05.31"]
[SourceQuality "1"]

1. d4 d5 2. Nf3 Nf6 3. c4 e6 4. Nc3 Bb4 5. e3 0-0 6. Bd3 c5 7. 0-0 cxd4 8. exd4 dxc4 9. Bxc4 b6 10. Bg5 Bxc3 11. bxc3 Bb7 12. Ne5 Qc7 13. Bxf6 gxf6 14. Qg4+ Kh8 15. Qh4 fxe5 16. Qf6+ Kg8 17. Qg5+ Kh8 18. Qf6+ 1/2-1/2

[Event "Bern op"]
[Site "Bern"]
[Date "2004.02.14"]
[Round "6"]
[White "Mullhaupt, Philippe"]
[Black "Schirmer, Hans"]
[Result "1-0"]
[WhiteElo "1860"]
[BlackElo "1656"]
[PlyCount "67"]
[EventDate "2004.02.??"]
[EventType "swiss"]
[EventRounds "7"]
[EventCountry "SUI"]
[SourceTitle "EXT 2005"]
[Source "ChessBase"]
[SourceDate "2004.11.15"]
[SourceVersion "1"]
[SourceVersionDate "2004.11.15"]
[SourceQuality "1"]

1. d4 d5 2. c4 Nc6 3. Nc3 dxc4 4. e3 e5 5. d5 Nce7 6. Bxc4 Ng6 7. Nf3 Nf6 8. Qa4+ Bd7 9. Qb3 Bd6 10. h4 h5 11. Ng5 Rb8 12. Bd2 a6 13. Qc2 Ne7 14. e4 Ng6 15. 0-0-0 b5 16. Bb3 a5 17. a4 bxa4 18. Nxa4 Ra8 19. Rde1 0-0 20. g3 Bb4 21. f4 c5 22. Qc4 Rb8 23. f5 Bxa4 24. Bxa4 Bxd2+ 25. Kxd2 Rxb2+ 26. Bc2 Rb4 27. Qxc5 Rd4+ 28. Ke2 Ne7 29. Ra1 Nxf5 30. exf5 Rxd5 31. Qc3 Qa8 32. Bb3 Rd4 33. Rhg1 Rb4 34. Qxb4 1-0